000 00501cam a2200145 4500500
005 20250928002804.0
041 _afre
042 _adc
100 1 0 _aCazanave, Caroline
_eauthor
245 0 0 _aEncountering a medieval transsexual and her prodigal son. On a recent publication
260 _c2025.
500 _a13
786 0 _nLe Moyen Age | CXXXI | 1 | 2025-09-16 | p. 157-168 | 0027-2841
856 4 1 _uhttps://shs.cairn.info/journal-le-moyen-age-2025-1-page-157?lang=en&redirect-ssocas=7080
999 _c1510486
_d1510486